| 000 | 00850nam a2200229 i 4500 | ||
|---|---|---|---|
| 001 | 171314 | ||
| 003 | ES-MaACL | ||
| 005 | 20250808062801.0 | ||
| 008 | 090508s1967 sp |||| | spa d | ||
| 017 | _aM 2731-1967 | ||
| 100 | 0 |
_aTuya, Manuel de. _9111788 |
|
| 245 | 1 | 0 |
_aIntroducción a la Biblia. _nII (último) / _cpor Manuel de Tuya, José Salguero. |
| 260 |
_aMadrid : _b[La Editorial Católica], _c1967. |
||
| 300 |
_aXX, 631 p. ; _c20 cm. |
||
| 490 | 1 |
_aBiblioteca de autores cristianos ; _v268 |
|
| 500 | _aÍndices. | ||
| 505 | 8 | _aContiene : Hermenéutica bíblica ; Historia de la interpretación de la Biblia ; Instituciones israelitas ; Geografía de Palestina | |
| 700 | 0 |
_aSalguero, José. _9101912 |
|
| 830 | 0 | 0 |
_aBiblioteca de autores cristianos _v268 _9178679 |
| 852 |
_aES-MaACL _jJ-263 _9R.46092 |
||
| 999 |
_c171314 _d171314 |
||